Carbon trading (Record no. 67920)

MARC details
000 -LEADER
fixed length control field 01561cam a2200253 4500
001 - CONTROL NUMBER
control field ABS64264
008 - FIXED-LENGTH DATA ELEMENTS--GENERAL INFORMATION
fixed length control field 010806n2001 000 0 eng u
035 ## - SYSTEM CONTROL NUMBER
System control number (Sirsi) u113969
245 ## - TITLE STATEMENT
Title Carbon trading
260 ## - PUBLICATION, DISTRIBUTION, ETC.
Date of publication, distribution, etc. 2001
490 ## - SERIES STATEMENT
Series statement Constructing the Future
Volume/sequential designation (9) Spring 2001, 7-8(2)
520 ## - SUMMARY, ETC.
Summary, etc. Describes government's draft Climate Change Programme that sets out policies to reduce greenhouse gas emissions from business and other sectors. A key element of this policy will an emissions trading scheme open to all companies operating in the UK. Notes that this will provide an important business opportunity that the construction industry have yet to act upon. In the scheme all participants are assigned a quantity of units to cover the level of emissions they are allowed. Discusses, in part, the BRE's response to a DETR consultation document on the scheme in 2000. BRE considered how the scheme could apply to buildings, since energy use accounts for 45% of total UK carbon dioxide emissions. Article urges construction companies to take action as the industry has been shown to be falling behind other sectors in reporting greenhouse gas emissions.
590 ## - LOCAL NOTE (RLIN)
Local note ABS
650 ## - SUBJECT ADDED ENTRY--TOPICAL TERM
Topical term or geographic name entry element CLIMATE CHANGE PROGRAMME
650 ## - SUBJECT ADDED ENTRY--TOPICAL TERM
Topical term or geographic name entry element GREENHOUSE GAS EMISSIONS
650 ## - SUBJECT ADDED ENTRY--TOPICAL TERM
Topical term or geographic name entry element GLOBAL WARMING
650 ## - SUBJECT ADDED ENTRY--TOPICAL TERM
Topical term or geographic name entry element ENVIRONMENTAL REPORTING
650 ## - SUBJECT ADDED ENTRY--TOPICAL TERM
Topical term or geographic name entry element BRE
650 ## - SUBJECT ADDED ENTRY--TOPICAL TERM
Topical term or geographic name entry element PENSIONS INVESTMENT RESEARCH CONSULTANTS
650 ## - SUBJECT ADDED ENTRY--TOPICAL TERM
Topical term or geographic name entry element CARBON TRADING
650 ## - SUBJECT ADDED ENTRY--TOPICAL TERM
Topical term or geographic name entry element DETR
690 ## - LOCAL SUBJECT ADDED ENTRY--TOPICAL TERM (OCLC, RLIN)
Topical term or geographic name as entry element ENVIRONMENTAL AND LAND CONSULTANCY-ENERGY-ENERGY USE-ENERGY EFFICIENCY
942 ## - ADDED ENTRY ELEMENTS (KOHA)
Suppress in OPAC 0
Holdings
Withdrawn status Lost status Source of classification or shelving scheme Damaged status Not for loan Home library Current library Shelving location Date acquired Total Checkouts Full call number Barcode Date last seen Copy number Price effective from Koha item type
    Dewey Decimal Classification     London London Journal article 06/08/2001   ABS64264 113969-1001 06/08/2019 1 06/08/2019 Journal article